Politics and judgment in federal district courts /

Bibliographic Details
Main Author: Rowland, C. K., 1943-
Other Authors: Carp, Robert A., 1943-
Format: Book
Language:English
Published: Lawrence : University Press of Kansas, [1996]
Subjects:

MARC

Tag First Indicator Second Indicator Subfields
LEADER 00000cam a2200000 a 4500
001 in00001317321
005 20151005070744.0
008 951027s1996 ksu b 001 0 eng
010 |a  95046680  
020 |a 0700607765 (alk. paper) 
035 |a (OCoLC)33438844 
035 |9 AHC2050AM 
040 |a DLC  |c DLC  |d TXA  |d UtOrBLW 
043 |a n-us--- 
049 |a TXAM 
050 0 0 |a KF8754  |b .R69 1996 
082 0 0 |a 347.73/22  |a 347.3072  |2 20 
100 1 |a Rowland, C. K.,  |d 1943- 
245 1 0 |a Politics and judgment in federal district courts /  |c C.K. Rowland, Robert A. Carp. 
264 1 |a Lawrence :  |b University Press of Kansas,  |c [1996] 
264 4 |c ©1996 
300 |a xi, 211 pages ;  |c 24 cm. 
336 |a text  |b txt  |2 rdacontent 
337 |a unmediated  |b n  |2 rdamedia 
338 |a volume  |b nc  |2 rdacarrier 
504 |a Includes bibliographical references and index. 
650 0 |a District courts  |z United States. 
650 0 |a Political questions and judicial power  |z United States. 
650 0 |a Judges  |x Selection and appointment  |z United States. 
700 1 |a Carp, Robert A.,  |d 1943- 
999 |a MARS 
999 f f |s f4d3ef7f-d857-3b7b-97be-3f47bf3c28b3  |i 50558d7d-706e-3ead-8d9a-b1fe5eb3584d  |t 0 
952 f f |p normal  |a Texas A&M University  |b College Station  |c Sterling C. Evans Library  |d Evans: Library Stacks  |t 0  |e KF8754 .R69 1996  |h Library of Congress classification  |i unmediated -- volume  |m A14820331567 
998 f f |a KF8754 .R69 1996  |t 0  |l Evans: Library Stacks